[Event "I. liga - 3. sach."]
[Site "CR"]
[Date "2010.??.??"]
[Round "?"]
[White "Hrdy, Roman"]
[Black "Pravec, Ladislav"]
[Result "1/2-1/2"]
[WhiteElo "2288"]
[BlackElo "2320"]
[PlyCount "79"]
[EventDate "2010.??.??"]
[SourceDate "2002.06.29"]

1. d4 Nf6 2. Bg5 Ne4 3. Bf4 c5 4. f3 Qa5+ 5. c3 Nf6 6. d5 Qb6 7. Bc1 g6 8. e4
d6 9. Nd2 Bg7 10. Nc4 Qc7 11. a4 Nbd7 12. Nh3 O-O 13. Nf2 Nb6 14. Na3 Bd7 15.
a5 Nc8 16. a6 Rb8 17. axb7 Rxb7 18. Bc4 Rb8 19. O-O a5 20. Qe2 a4 21. Be3 Nb6
22. Ba6 Nh5 23. Rfd1 Qa7 24. Bd3 Qb7 25. Bg5 Nf6 26. Rdb1 Rfe8 27. Nc4 Ra8 28.
Ra3 Reb8 29. Nd1 Nxc4 30. Bxc4 Qc7 31. Nf2 Rb7 32. Rba1 Rba7 33. Nd3 Be8 34.
Qd2 Qb7 35. Nf2 Bb5 36. Be2 h6 37. Bxb5 Qxb5 38. Bxf6 Bxf6 39. Ng4 h5 40. Nxf6+
1/2-1/2

[Event "I. liga - 3. sach."]
[Site "CR"]
[Date "2010.??.??"]
[Round "?"]
[White "Prchly, Milos"]
[Black "Hrdy, Roman"]
[Result "1/2-1/2"]
[WhiteElo "2263"]
[BlackElo "2288"]
[PlyCount "87"]
[EventDate "2010.??.??"]
[SourceDate "2002.06.29"]

1. d4 Nf6 2. c4 c5 3. d5 e6 4. Nc3 exd5 5. cxd5 d6 6. e4 g6 7. Nf3 Bg7 8. Be2
O-O 9. O-O a6 10. a4 Bg4 11. Bf4 Re8 12. Qc2 Qe7 13. Rae1 Nbd7 14. h3 Bxf3 15.
Bxf3 c4 16. a5 Nc5 17. e5 dxe5 18. Rxe5 Qd8 19. Rxe8+ Nxe8 20. Ne4 Nxe4 21.
Qxe4 Rc8 22. Qe1 Nd6 23. Qb4 Bf8 24. Bg4 f5 25. Be2 Nb5 26. d6 Bxd6 27. Bxc4+
Kg7 28. Bxd6 Qxd6 29. Qb3 Rc5 30. Rd1 Qc7 31. Bf1 Re5 32. Qg3 Qe7 33. Bxb5 axb5
34. Kh2 b4 35. Rd7 Qxd7 36. Qxe5+ Kf7 37. h4 Qe7 38. Qd5+ Kf6 39. g3 Qe4 40.
Qd6+ Kf7 41. Qd7+ Kg8 42. Qd8+ Kg7 43. h5 f4 44. Qc7+ 1/2-1/2

[Event "I. liga - 3. sach."]
[Site "CR"]
[Date "2010.??.??"]
[Round "?"]
[White "Jarabinsky, Martin"]
[Black "Hrdy, Roman"]
[Result "0-1"]
[WhiteElo "2081"]
[BlackElo "2288"]
[PlyCount "150"]
[EventDate "2010.??.??"]
[SourceDate "2002.06.29"]

1. c4 Nf6 2. Nf3 c6 3. Nc3 d5 4. d4 a6 5. Bd2 Bf5 6. c5 Nbd7 7. Nh4 Bg6 8. Nxg6
hxg6 9. e3 e5 10. Be2 Qc7 11. h3 Be7 12. O-O Nf8 13. dxe5 Qxe5 14. f4 Qc7 15.
b4 Ne6 16. Re1 a5 17. a3 O-O 18. Bf3 Rfd8 19. Na4 Nd7 20. Bg4 f5 21. Be2 Bf6
22. Rc1 axb4 23. axb4 g5 24. Bd3 g6 25. g3 Bg7 26. Re2 Nf6 27. Qb3 Ne4 28. Bxe4
fxe4 29. Nb6 Ra7 30. Rf1 gxf4 31. gxf4 Qf7 32. Rg2 Qf5 33. Rg4 Kf7 34. Rg3 Qh5
35. Bc3 Qh4 36. Rg2 Qxh3 37. Bxg7 Nxg7 38. Rh2 Qg4+ 39. Rg2 Qe6 40. Rh2 Qf6 41.
b5 Kg8 42. Na4 Ne6 43. bxc6 bxc6 44. Nb2 Rda8 45. Nd1 Nxc5 46. Qb4 Nd3 47. Qb3
Qg7 48. Qb6 Ra6 49. Qb3 Ra4 50. Rg2 Ra1 51. Kh1 Qf6 52. Kg1 Kf8 53. Rc2 Qe6 54.
Rh2 R1a3 55. Qb7 Qf6 56. Rc2 R3a6 57. Qd7 Kg8 58. Qh3 R6a7 59. Rh2 c5 60. f5
Ne5 61. fxg6 Nf3+ 62. Kh1 Qe5 63. Ra2 Qh8 64. Qxh8+ Kxh8 65. Rxa7 Rxa7 66. Kg2
Ra3 67. Kg3 Kg7 68. Kf4 Kxg6 69. Nf2 Ra7 70. Rd1 Rf7+ 71. Kg3 Rf5 72. Kg2 Rg5+
73. Kf1 Rg1+ 74. Ke2 Rxd1 75. Nxd1 Kf5 0-1

[Event "I. liga - 3. sach."]
[Site "CR"]
[Date "2010.??.??"]
[Round "?"]
[White "Hrdy, Roman"]
[Black "Vacek, Frantisek"]
[Result "1-0"]
[WhiteElo "2288"]
[BlackElo "2048"]
[PlyCount "127"]
[EventDate "2010.??.??"]
[SourceDate "2002.06.29"]

1. d4 d5 2. c4 e6 3. Nc3 Nf6 4. Nf3 Be7 5. Bg5 O-O 6. e3 Nc6 7. Rc1 h6 8. Bh4
Ne4 9. Bxe7 Qxe7 10. Bd3 Nxc3 11. Rxc3 dxc4 12. Bxc4 Rd8 13. Bb3 Bd7 14. O-O
Rac8 15. Qb1 Nb4 16. Rfc1 Qd6 17. Ne5 Nd5 18. Bxd5 exd5 19. Qc2 c6 20. Ra3 Be6
21. Qc5 Qxc5 22. dxc5 a6 23. Nf3 f6 24. Nd4 Re8 25. Kf1 h5 26. Ke2 g5 27. Kd2
Kf7 28. Kc3 Rc7 29. Kb4 Bc8 30. Ka5 Kg6 31. Kb6 Rh7 32. b4 Rhe7 33. Rd3 f5 34.
g3 Rh8 35. a4 Kf7 36. Nf3 g4 37. Nh4 Kf6 38. Rd4 Be6 39. Ng2 Bf7 40. Rh1 Rd7
41. h3 gxh3 42. Rxh3 Re8 43. Nf4 Kg5 44. Ne2 Re4 45. Rh4 Rde7 46. Rhxe4 fxe4
47. Rd1 Kf6 48. Rh1 Bg6 49. Nd4 Rf7 50. Rh4 Ke5 51. a5 Bh7 52. Rf4 Rg7 53. Rf8
Bg6 54. Rb8 Rf7 55. Rxb7 Rxf2 56. Nxc6+ Kf6 57. b5 Rb2 58. Nd4 Rb4 59. c6 Rxd4
60. exd4 e3 61. c7 Bf5 62. bxa6 e2 63. a7 e1=Q 64. a8=Q 1-0

[Event "I. liga - 4. sach."]
[Site "CR"]
[Date "2010.??.??"]
[Round "?"]
[White "Bares, Jiri"]
[Black "Hlavacek, Ladislav"]
[Result "1-0"]
[WhiteElo "2218"]
[BlackElo "2004"]
[PlyCount "45"]
[EventDate "2010.??.??"]
[SourceDate "2002.06.29"]

1. d4 d5 2. c4 dxc4 3. Nf3 Nf6 4. e3 Be6 5. Nbd2 Nc6 6. Nxc4 Qd5 7. Bd3 Bg4 8.
Bd2 Bxf3 9. gxf3 O-O-O 10. b4 b5 11. Na3 a6 12. Nc2 e5 13. e4 Qe6 14. d5 Nxd5
15. exd5 Rxd5 16. Qe2 Be7 17. Ne3 Nd4 18. Nxd5 Qxd5 19. Qe4 Nxf3+ 20. Ke2 Qxe4+
21. Bxe4 Nxd2 22. Kxd2 Bxb4+ 23. Ke2 1-0

[Event "I. liga - 4. sach."]
[Site "CR"]
[Date "2010.??.??"]
[Round "?"]
[White "Cakl, Miloslav"]
[Black "Bares, Jiri"]
[Result "1/2-1/2"]
[WhiteElo "2041"]
[BlackElo "2218"]
[PlyCount "49"]
[EventDate "2010.??.??"]
[SourceDate "2002.06.29"]

1. e4 c5 2. Nf3 d6 3. d4 cxd4 4. Nxd4 Nf6 5. Nc3 a6 6. Bg5 Nbd7 7. Be2 e6 8.
O-O Be7 9. Qd3 O-O 10. Qg3 Kh8 11. Rfd1 Qc7 12. f4 h6 13. Bh4 Qb6 14. Qe3 Qxb2
15. Nd5 Nxd5 16. exd5 Bf6 17. dxe6 fxe6 18. Bxf6 Nxf6 19. c4 Qb6 20. Nf5 Qxe3+
21. Nxe3 e5 22. f5 Rd8 23. Rd3 b5 24. Rad1 Ne4 25. Bf3 1/2-1/2

[Event "I. liga - 4. sach."]
[Site "CR"]
[Date "2010.??.??"]
[Round "?"]
[White "Bares, Jiri"]
[Black "Portych, Vaclav"]
[Result "1-0"]
[WhiteElo "2218"]
[BlackElo "2129"]
[PlyCount "59"]
[EventDate "2010.??.??"]
[SourceDate "2002.06.29"]

1. d4 Nf6 2. c4 e6 3. Nc3 Bb4 4. e3 c5 5. Bd3 Nc6 6. Nf3 Bxc3+ 7. bxc3 d6 8. e4
e5 9. d5 Ne7 10. Nh4 h6 11. O-O O-O 12. f4 exf4 13. Bxf4 g5 14. Bd2 Nd7 15. Qh5
gxh4 16. Qxh6 Ng6 17. Bg5 Qe8 18. Rf5 f6 19. e5 dxe5 20. Bxh4 Qf7 21. Rh5 Qg7
22. Qxg6 Qxg6 23. Bxg6 Kg7 24. Bf5 Nb6 25. Rh7+ Kg8 26. Bg6 Bd7 27. Re1 Rad8
28. Re4 Bc8 29. Bf2 Rd7 30. Bxc5 1-0

[Event "I. liga - 4. sach."]
[Site "CR"]
[Date "2010.??.??"]
[Round "?"]
[White "Bares, Jiri"]
[Black "Urban, Milos"]
[Result "1-0"]
[WhiteElo "2218"]
[BlackElo "1620"]
[PlyCount "56"]
[EventDate "2010.??.??"]
[SourceDate "2002.06.29"]

1. d4 Nf6 2. c4 e6 3. Nc3 Bb4 4. e3 O-O 5. Bd3 d5 6. Nf3 b6 7. O-O Bb7 8. cxd5
exd5 9. Qc2 h6 10. Bd2 Nbd7 11. a3 Bxc3 12. Bxc3 a6 13. b4 Ne4 14. Bb2 Rc8 15.
Rfd1 Qe7 16. a4 c5 17. bxc5 bxc5 18. Ba3 Qf6 19. Bxe4 dxe4 20. Nd2 cxd4 21. Qb1
dxe3 22. fxe3 Rc7 23. Bxf8 Nxf8 24. Qb4 Qg5 25. Qb6 Ne6 26. Rac1 Re7 27. Nc4
Rc7 28. Nd6 Rxc1 1-0

[Event "I. liga - 4. sach."]
[Site "CR"]
[Date "2010.??.??"]
[Round "?"]
[White "Kyhos, Alois"]
[Black "Bares, Jiri"]
[Result "1/2-1/2"]
[WhiteElo "2180"]
[BlackElo "2218"]
[PlyCount "93"]
[EventDate "2010.??.??"]
[SourceDate "2002.06.29"]

1. e4 c5 2. Nf3 d6 3. d4 cxd4 4. Nxd4 Nf6 5. Nc3 a6 6. Be3 e5 7. Nb3 Be6 8. f3
Be7 9. Qd2 h5 10. O-O-O b5 11. Nd5 Nxd5 12. exd5 Bf5 13. f4 Nd7 14. Na5 Qc7 15.
Nc6 Nf6 16. fxe5 dxe5 17. Nxe7 Qxe7 18. Bd3 Bxd3 19. Qxd3 Qd6 20. Bg5 Nd7 21.
h3 Rc8 22. g4 Rc4 23. b3 Rd4 24. Qf5 g6 25. Qf2 Rxd1+ 26. Rxd1 f6 27. Be3 hxg4
28. hxg4 Qb4 29. g5 f5 30. Kb2 Qe4 31. Qg1 Rh3 32. Bd2 Rh4 33. Ba5 Qg4 34. Qf2
Qxd1 35. Qxh4 Qd4+ 36. Qxd4 exd4 37. Kc1 Nc5 38. Bb6 Ne4 39. Bxd4 b4 40. Be5
Nxg5 41. Bd6 Ne4 42. Bxb4 f4 43. c4 f3 44. Kd1 g5 45. c5 g4 46. c6 g3 47. d6
1/2-1/2

[Event "I. liga - 4. sach."]
[Site "CR"]
[Date "2010.??.??"]
[Round "?"]
[White "Sykora, Josef"]
[Black "Bares, Jiri"]
[Result "1/2-1/2"]
[WhiteElo "2319"]
[BlackElo "2218"]
[PlyCount "98"]
[EventDate "2010.??.??"]
[SourceDate "2002.06.29"]

1. d4 d5 2. c4 e6 3. Nf3 Nf6 4. Nc3 Be7 5. Bf4 O-O 6. e3 c5 7. dxc5 Bxc5 8. Qc2
Nc6 9. a3 Qa5 10. O-O-O Be7 11. g4 dxc4 12. Bxc4 e5 13. g5 exf4 14. gxf6 Bxf6
15. Nd5 Ne7 16. Nxf6+ gxf6 17. Rhg1+ Kh8 18. Qe4 Ng6 19. Qd4 Qb6 20. Qxb6 axb6
21. Rd6 Bh3 22. Bd5 fxe3 23. fxe3 Rac8+ 24. Kb1 Rcd8 25. Rxd8 Rxd8 26. Bxf7 Kg7
27. Bc4 Re8 28. Rg3 Bf5+ 29. Ka2 Rxe3 30. Nd4 Re5 31. Nxf5+ Rxf5 32. Rb3 Rc5
33. Bd3 Rd5 34. Be4 Rd6 35. Rb5 Nf4 36. Bxb7 Ne6 37. Rd5 Rxd5 38. Bxd5 Nd4 39.
b4 f5 40. Kb2 Kf6 41. a4 Ke5 42. Bb7 f4 43. a5 bxa5 44. bxa5 Nb5 45. Kc2 Kd4
46. Kd2 Kc5 47. Kd3 Nd6 48. Be4 Kb5 49. Bxh7 Kxa5 1/2-1/2

[Event "I. liga - 4. sach."]
[Site "CR"]
[Date "2010.??.??"]
[Round "?"]
[White "Cernovsky, Karel"]
[Black "Bares, Jiri"]
[Result "1-0"]
[WhiteElo "2266"]
[BlackElo "2218"]
[PlyCount "97"]
[EventDate "2010.??.??"]
[SourceDate "2002.06.29"]

1. e4 c5 2. Nf3 d6 3. d4 cxd4 4. Nxd4 Nf6 5. Nc3 a6 6. Be3 e5 7. Nb3 Be6 8. f3
Be7 9. Qd2 h5 10. Be2 Nbd7 11. Nd5 Nxd5 12. exd5 Bf5 13. Na5 Qc7 14. O-O Nf6
15. c4 h4 16. Rac1 O-O 17. b4 Rfe8 18. Rfd1 Rad8 19. h3 Qd7 20. Bb6 Rb8 21. c5
e4 22. Nc4 dxc5 23. d6 Bd8 24. bxc5 exf3 25. Bxf3 Be4 26. Qf4 Bxf3 27. Qxf3 Re4
28. Bxd8 Rxd8 29. Na5 Rde8 30. a4 Kf8 31. Qb3 Qf5 32. Qxb7 g6 33. Nb3 Kg7 34.
Rf1 Qg5 35. Rcd1 Re2 36. Qf3 Kh6 37. Rf2 Re1+ 38. Rxe1 Rxe1+ 39. Rf1 Rxf1+ 40.
Qxf1 Kg7 41. Qe1 Qf4 42. Qc3 Kg8 43. Nd2 g5 44. a5 g4 45. hxg4 Nxg4 46. Nf3 h3
47. Qd2 Qxd2 48. Nxd2 h2+ 49. Kh1 1-0

[Event "I. liga - 4. sach."]
[Site "CR"]
[Date "2010.??.??"]
[Round "?"]
[White "Bednarik, Radovan"]
[Black "Bares, Jiri"]
[Result "1/2-1/2"]
[WhiteElo "2043"]
[BlackElo "2218"]
[PlyCount "118"]
[EventDate "2010.??.??"]
[SourceDate "2002.06.29"]

1. d4 d5 2. c4 e6 3. Nc3 Nf6 4. cxd5 exd5 5. Bg5 Be7 6. e3 O-O 7. Bd3 h6 8. Bh4
c5 9. dxc5 Nbd7 10. Nge2 Nxc5 11. O-O Be6 12. Rc1 Rc8 13. Bc2 Qb6 14. Qd4 Rfe8
15. Rfd1 Qa6 16. f3 Ncd7 17. Qd3 Qxd3 18. Bxd3 Ne5 19. Bb5 Red8 20. Nf4 Bc5 21.
Bf2 a6 22. Be2 b5 23. a4 Nc4 24. axb5 axb5 25. Nxe6 fxe6 26. Nxb5 Bxe3 27. Bxe3
Nxe3 28. Rxc8 Rxc8 29. Rd3 Nf5 30. Rc3 Rb8 31. b4 e5 32. Rc7 Rb6 33. Kf2 e4 34.
Rc8+ Kf7 35. Rc7+ Kg6 36. g4 Nh4 37. fxe4 Nxe4+ 38. Ke3 Ng2+ 39. Kf3 Rf6+ 40.
Kxg2 Rf2+ 41. Kh3 Rxe2 42. Nd4 Rb2 43. Rc6+ Kf7 44. Rb6 Nd2 45. Kg3 Nf1+ 46.
Kf4 Rf2+ 47. Ke5 Nxh2 48. Kxd5 Nxg4 49. b5 h5 50. Rb7+ Kf6 51. Rb8 Rb2 52. Kd6
h4 53. Rf8+ Kg6 54. Rf4 Kh5 55. Rf5+ Kg6 56. Rf4 Ne3 57. Rxh4 Rxb5 58. Nxb5
Nf5+ 59. Ke5 Nxh4 1/2-1/2

[Event "I. liga - 4. sach."]
[Site "CR"]
[Date "2010.??.??"]
[Round "?"]
[White "Stika, Vaclav"]
[Black "Bares, Jiri"]
[Result "0-1"]
[WhiteElo "2106"]
[BlackElo "2218"]
[PlyCount "140"]
[EventDate "2010.??.??"]
[SourceDate "2002.06.29"]

1. e4 c5 2. Nf3 d6 3. d4 cxd4 4. Nxd4 Nf6 5. Nc3 a6 6. f4 e5 7. Nf3 Nbd7 8. Bd3
b5 9. O-O Be7 10. a4 b4 11. Nd5 Nxd5 12. exd5 Bb7 13. fxe5 dxe5 14. Qe2 Qc7 15.
Re1 O-O 16. Kh1 Bd6 17. Ng5 g6 18. Qf3 Nc5 19. Bc4 f6 20. Ne4 Nxe4 21. Qxe4 f5
22. Qe2 e4 23. b3 Rf7 24. Bb2 Bxh2 25. d6 Bxd6 26. Qd2 Qd8 27. Qd4 Kf8 28. Bxf7
Kxf7 29. Re3 Ke6 30. Rh3 Qe7 31. Rd1 Rc8 32. c4 f4 33. Rhd3 Bc7 34. Qa7 Rb8 35.
Kg1 e3 36. Rf1 Bc6 37. Bg7 Qxg7 38. Rxf4 Rf8 39. Qxe3+ Be5 40. Rxf8 Qxf8 41.
Qb6 Qc8 42. Qc5 Bb7 43. Qxb4 Qc7 44. Rd2 h5 45. Qf8 Qe7 46. Qxe7+ Kxe7 47. b4
Bc3 48. Re2+ Kd6 49. b5 a5 50. Re8 h4 51. Kh2 Be5+ 52. Kg1 Bf4 53. Rb8 Be4 54.
Re8 Bf5 55. Ra8 Be3+ 56. Kh1 Bb6 57. Rh8 Kc5 58. Rxh4 Kb4 59. Kh2 Bc2 60. Kh1
Bc5 61. Rg4 g5 62. b6 Bxb6 63. c5+ Kxc5 64. Rxg5+ Kc4 65. Rg4+ Bd4 66. Rg5 Bc5
67. Rg4+ Kc3 68. Kh2 Bb4 69. Rg3+ Kb2 70. Rg7 Bxa4 0-1